000 00414cam a22001337a 4500
008 180718b1925 xxu||||| |||| 00| 0 eng d
082 _aT19x4 Sm54
100 _aSmith, Douglas Hector
245 _aEconomic tendencies of t0-day
_cby Douglas Hector Smith
260 _aLondon
_bLongmans, Green and co.
_c1925
300 _axii, 247p.
650 _aEurope --Economic conditions --1918-
650 _aEconomic geography
999 _c430684
_d430684